MARC

LEADER 00000nam0a2200000 4500
001 307551
005 20231102002014.0
020 |a RU  |b 81-69384 
035 |a (RuTPU)RU\TPU\book\332844 
090 |a 307551 
100 |a 20151021d1981 k y0rusy5003 ca 
101 0 |a rus 
102 |a RU 
105 |a a z 000zy 
200 1 |a Геологическое дешифрирование космических снимков восточной части Средиземноморского пояса  |f С. Л. Бызова, Я. Г. Кац, М. Л. Копп [и др.]  |g Московский государственный университет им. М. В. Ломоносова, Геологический факультет ; Аэрогеология ; под ред. В. Е. Хаина [и др.] 
210 |a Москва  |c Недра  |d 1981 
215 |a 206 с.  |c ил. 
606 1 |a Аэроснимки  |x Дешифрирование геологическое  |2 stltpush  |3 (RuTPU)RU\TPU\subj\29972  |9 53184 
610 1 |a космические снимки 
610 1 |a Средиземноморский пояс 
610 1 |a тектоническое районирование 
610 1 |a Кавказ 
610 1 |a Кавказский регион 
610 1 |a Туркмено-Иранский регион 
610 1 |a Афганистан 
610 1 |a многозональные изображения 
675 |a 550.814  |v 3 
701 1 |a Бызова  |b С. Л.  |g Софья Леонтьевна 
701 1 |a Кац  |b Я. Г.  |g Яков Григорьевич 
701 1 |a Копп  |b М. Л.  |g Михаил Львович 
701 1 |a Милановский  |b Е. Е. 
701 1 |a Расцветаев  |b Л. М. 
702 1 |a Хаин  |b В. Е.  |g Виктор Ефимович  |4 340 
702 1 |a Брюханов  |b В. Н.  |4 340 
702 1 |a Кац  |b Я. Г.  |g Яков Григорьевич  |4 340 
712 0 2 |a Московский государственный университет им. М. В. Ломоносова  |b Геологический факультет  |c (1940- )  |2 stltpush  |3 (RuTPU)RU\TPU\col\7 
712 0 2 |a Аэрогеология  |c (Москва)  |c (1972- )  |2 stltpush  |3 (RuTPU)RU\TPU\col\13908  |9 25821 
801 0 |a RU  |b RuMRKP  |c 19950704  |g psbo 
801 1 |a RU  |b 63413507  |c 20151021 
801 2 |a RU  |b 63413507  |c 20230222  |g RCR 
942 |c BK